01442nim a2200313 i 4500001000700000003000900007005001700016007001500033008004100048040001800089100003700107245012600144260004100270300004300311490004400354518008300398520026400481540002400745600003300769600002500802610006900827650003100896653002600927655001700953710002600970710006800996830004401064852002001108197268ES-MaACL20250828062612.0ss lsnjlcipnne130525s1990 sp nnnn |||| 00| spa d bspacES-MaACL0 aGuilló Fernández, Pedroeaut04aAntonio Machado-Guiomar : Los amores malditosh[Grabación sonora] :bconferencia /cpor Dr. Pedro Guilló Fernández aMadrid : bAteneo de Madrid, c1990. a1 casete (ca. 90 min) :bson. ;c11 cm1 3Actos culturales en el Ateneo de Madrid aGrabado el 5 de diciembre de 1990 en el Salón de Actos del Ateneo de Madrid. aConferencia sobre la vida amorosa de Antonio Machado y Pilar de Valderrama por Pedro Guilló Fernández, médico especialista en psiquiatría y psicoterapia. Conferencia en colaboración con la Asociación Española de Psicoterapia y Sistemas Humanos.  aDocumento inédito14aMachado, Antonio,d1875-193914aValderrama, Pilar de20aAteneo de Madrid-xActos culturales-y1990-vGrabaciones sonoras 7aRelaciones amorosas2embne aArchivo de la palabra 0aConferencias2 aAteneo de Madridehis aAsociación Española de Psicoterapia y Sistemas Humanoseclb 0aActos culturales en el Ateneo de Madrid aES-MaACLcDEPOZ